| 000 | 00381nam a22001337a 4500 | ||
|---|---|---|---|
| 020 | _a0-07-229135-4 | ||
| 082 | _a621.31042 CHA | ||
| 100 |
_aCHAPMAN, STEPHEN J _919160 |
||
| 245 | _aELECTRIC MACHINERY AND POWER SYSTEM FUNDAMENTALS | ||
| 260 |
_aNEW YORK _bMCGRAW HILL _c2002 |
||
| 300 | _aXIX,673P | ||
| 650 |
_aELECTRIC MACHINERY; ELECTRIC POWER MACHINERY _959524 |
||
| 942 | _cBK | ||
| 999 |
_c569480 _d569480 |
||